Responses for show #7610 - Friday, October 13, 2017

Contestants

[<< previous game]

Michelle Kritselis, a managing editor from Rolling Meadows, Illinois

Manny Abell, a Naval officer from Lacey, Washington

Scarlett Sims, a stay-at-home mom from Oak Ridge, Tennessee (whose 1-day cash winnings total $33,201)

[next game >>]

Jeopardy! Round responses

RICKENBACKER GUITARS
COUNTRIES' OFFICIAL LANGUAGES
ACCESSORIES
COMPLETES THE OLD TESTAMENT QUOTE
(Alex: Then we're...)
STOCKING THE CABINET DEPARTMENT
"DED" END
    $200 26
feedback

Manny
    $200 2
Hebrew

Manny
    $200 1
garters

Michelle
    $200 11
the heavens and the earth

Scarlett
    $200 25
Department of the Treasury

Manny
    $200 16
loaded

Scarlett
    $400 27
A Hard Day's Night

Manny
    $400 3
Italian

Scarlett
    $400 4
a cummerbund

Scarlett
    $400 12
(Manny: Uh, what is thy gaze?)

bread

Manny
Triple Stumper
    $400 24
Department of Justice

Manny
    $400 17
comprehended

Scarlett
    $600 28
Tom Petty

Michelle
    $600 8
German

Manny
    $600 5
(Alex: What are [*]? 16 buttons. Takes a long time to put 'em on and take 'em off.)

evening gloves

Triple Stumper
    $600 13
Methuselah

Michelle
    $600 19
(Manny: What is Health and Human Services?)

the Department of Labor

Manny
Triple Stumper
    $600 18
railroaded

Manny
    $800 29
Pete Townshend

Scarlett
    $800 9
(Michelle: What is Russian?)

Swedish

Michelle
Triple Stumper
    $800 6
a stick pin

Manny
    $800 14
rubies

Michelle
    $800 22
the Department of the Interior

Manny
    $800 20
a bearded collie

Triple Stumper
    $1000 30
Led Zeppelin

Scarlett
    $1000 10
Catalan

Michelle
    $1000 7
a serape

Michelle
    $1000 15
leprosy

Triple Stumper
    $1,000 23
the State Department

Manny
    $1000 21
(Manny: What is stagnated?)
...
(Alex: In combat, they're called [*] reporters.)

embedded

Manny
Triple Stumper

Scores at the first commercial break (after clue 15):

Scarlett Manny Michelle
$1,000 $1,200 $2,800

Scores at the end of the Jeopardy! Round:

Scarlett Manny Michelle
$3,400 $3,200 $3,400

Double Jeopardy! Round responses

TIME'S 100 MOST INFLUENTIAL PEOPLE 2017
COMPOUND WORDS
BOTANY
RECENT NONFICTION
OCTOBER OCCURRENCES
(Alex: How appropriate.)
"THE" MOVIE
    $400 14
(Mikhail) Gorbachev

Manny
    $400 8
watchdog (guarddog accepted)

Scarlett
    $400 7
a cactus

Michelle
    $400 3
becoming a widow

Manny
    $400 13
World Series

Michelle
    $400 6
The Producers

Manny
    $800 15
Leslie Jones

Manny
    $800 9
breaststroke

Triple Stumper
    $800 27
the tassel

Michelle
    $800 23
Condoleezza Rice

Manny
    $800 19
the HMS Victory

Manny
    $800 5
The Mummy

Manny
    $1200 16
(Reince) Priebus

Michelle
    $1200 10
farmhouse sink

Michelle
    $1200 28
Luther Burbank

Triple Stumper
    $1200 24
Dale Carnegie

Triple Stumper
    $1200 20
the Panama Canal

Michelle
    $1,200 1
The Truman Show

Manny
    $1600 17
Margot Robbie

Manny
    $1600 11
snowbirds

Michelle
    $1600 30
the carnation

Triple Stumper
    $1600 25
Warsaw

Manny
    $1600 21
(Michelle: What is Lisbon?)
...
(Alex: What is the miracle of [*]?)

Fatima

Michelle
Triple Stumper
    $1600 2
The Exorcist

Scarlett
    $2000 18
the Philippines

Michelle
    $2000 12
cupbearer

Scarlett
    $3,000 29
chlorophylls

Michelle
    $2000 26
(Patricia) Cornwell

Michelle
    $2000 22
Alvin York

Manny
    $2000 4
The Hustler

Manny

Scores at the end of the Double Jeopardy! Round:

Scarlett Manny Michelle
$7,400 $16,000 $15,600

[wagering suggestions for these scores]

Final Jeopardy! Round responses

FLAGS OF THE WORLD
(Alex: [To Scarlett] You kind of moved Laos a bit with that response.)
ScarlettWhat is the Ganges?
$7,000
MichelleWhat is the Yangtze?
$5,000
MannyWhat is the Mekong?
$1,199
the Mekong River

Final scores:

Scarlett Manny Michelle
$400 $17,199 $10,600
3rd place: $1,000 New champion: $17,199 2nd place: $2,000

Game dynamics:

Coryat scores:

Scarlett Manny Michelle
$7,400 $16,000 $14,600
10 R,
0 W
22 R
(including 2 DDs),
3 W
16 R
(including 1 DD),
2 W

Combined Coryat: $38,000

The J! Archive is created by fans, for fans. The Jeopardy! game show and all elements thereof, including but not limited to copyright and trademark thereto, are the property of Jeopardy Productions, Inc. and are protected under law. This website is not affiliated with, sponsored by, or operated by Jeopardy Productions, Inc. Join the discussion at JBoard.tv.